Vojko V - Pjesme - Statistics

General Stats
  • This quiz has been taken 15 times
  • The average score is 7 of 18
Answer Stats
Answer % Correct
Ne može
92%
Zovi čovika
85%
Kako to
69%
Bach
46%
Ceca u Parizu
46%
Cilit Beng
46%
Moja Lipa
46%
Pasta Italiana
38%
Rođendan
38%
Umoran
38%
Machare
31%
Popaj
31%
Dump Around
23%
Evo me opet
23%
Hip Hop
23%
Marjan
23%
Obama
23%
TT33
15%
No matching quizzes found
Score Distribution
Percent of People with Each Score
Percentile by Number Answered
Your Score History
You have not taken this quiz